Համահավաք գրացուցակ : (Record no. 9286)
[ view plain ]
| 000 -LEADER | |
|---|---|
| fixed length control field | 01179nam a2200241 a 4500 |
| 001 - CONTROL NUMBER | |
| control field | 000023425 |
| 003 - CONTROL NUMBER IDENTIFIER | |
| control field | AM-YEHGA |
| 005 - DATE AND TIME OF LATEST TRANSACTION | |
| control field | 20250618070843.0 |
| 008 - FIXED-LENGTH DATA ELEMENTS--GENERAL INFORMATION | |
| fixed length control field | 001023s1982 ai |||||||||||||||||arm d |
| 040 ## - CATALOGING SOURCE | |
| Original cataloging agency | AM-YeHGA |
| 041 0# - LANGUAGE CODE | |
| Language code of text/sound track or separate title | arm |
| 090 ## - LOCALLY ASSIGNED LC-TYPE CALL NUMBER (OCLC); LOCAL CALL NUMBER (RLIN) | |
| -- | 9350 |
| 245 00 - TITLE STATEMENT | |
| Title | Համահավաք գրացուցակ : |
| Remainder of title | Հայաստանի գիտական և բուհական գրադարաններում ստացված օտար լեզուներով գրականության 1968-1975թթ. հրատարակություններ / |
| Statement of responsibility, etc. | Կազմ. Ցողիկ Խաչատրյան ; Խմբ. Ռ. Իշխանյան. |
| 246 11 - VARYING FORM OF TITLE | |
| Title proper/short title | Summary Table of Foreign Languages Literature |
| 260 ## - PUBLICATION, DISTRIBUTION, ETC. | |
| Place of publication, distribution, etc. | Երևան : |
| Name of publisher, distributor, etc. | Ա.Հ., |
| Date of publication, distribution, etc. | 1982- |
| 300 ## - PHYSICAL DESCRIPTION | |
| Extent | բաժին |
| 505 10 - FORMATTED CONTENTS NOTE | |
| Miscellaneous information | Բաժին 1, Պր. 2 (1982, 327 էջ) : |
| Title | Բնական գիտություններ |
| 650 14 - SUBJECT ADDED ENTRY--TOPICAL TERM | |
| Topical term or geographic name entry element | Գրադարանային գործ |
| 9 (RLIN) | 246 |
| 700 1# - ADDED ENTRY--PERSONAL NAME | |
| Personal name | Խաչատրյան, Ցողիկ Ավետիքի, |
| Dates associated with a name | 1920-1988 |
| Relator term | կազմ. |
| Relationship | com |
| 9 (RLIN) | 2937 |
| 700 1# - ADDED ENTRY--PERSONAL NAME | |
| Personal name | Իշխանյան, Ռաֆայել Ավետիսի, |
| Dates associated with a name | 1922-1995 |
| Relator term | խմբ. |
| Relationship | edt |
| 9 (RLIN) | 1259 |
| 710 2# - ADDED ENTRY--CORPORATE NAME | |
| Corporate name or jurisdiction name as entry element | Պետական գրադարան Ալ. Մյասնիկյանի անվան |
| 9 (RLIN) | 4070 |
| 942 ## - ADDED ENTRY ELEMENTS (KOHA) | |
| Source of classification or shelving scheme | Universal Decimal Classification |
| Koha item type | Գրքեր / Books |
| Withdrawn status | Lost status | Source of classification or shelving scheme | Damaged status | Not for loan | Collection | Home library | Current library | Date acquired | Serial enumeration / chronology | Total checkouts | Full call number | Barcode | Date last seen | Price effective from | Koha item type | Public note |
|---|---|---|---|---|---|---|---|---|---|---|---|---|---|---|---|---|
| Universal Decimal Classification | General | Fundamental Scientific Library | Fundamental Scientific Library | 21/12/2016 | Բաժին 1, Պր. 2 | AII/69126 | 220069126 | 21/12/2016 | 21/12/2016 | Գրքեր / Books | 30 Days Loan | |||||
| Universal Decimal Classification | General | Fundamental Scientific Library | Fundamental Scientific Library | 21/12/2016 | Բաժին 1, Պր. 2 | AII/69127 | 220069127 | 21/12/2016 | 21/12/2016 | Գրքեր / Books | 30 Days Loan | |||||
| Universal Decimal Classification | General | Fundamental Scientific Library | Fundamental Scientific Library | 21/12/2016 | Բաժին 1, Պր. 2 | AII/69215 | 220069215 | 21/12/2016 | 21/12/2016 | Գրքեր / Books | 30 Days Loan | |||||
| Universal Decimal Classification | General | Fundamental Scientific Library | Fundamental Scientific Library | 21/12/2016 | Բաժին 1, Պր. 2 | AII/69921 | 220069921 | 21/12/2016 | 21/12/2016 | Գրքեր / Books | 30 Days Loan |
ՀՀ Գիտությունների ազգային ակադեմիայի հիմնարար գիտական գրադարան = Fundamental Scientific Library of NAS RA
All site content, except where otherwise noted, is licensed under a